000
00275nam a22001337a 4500
008
170602b xxu||||| |||| 00| 0 eng d
020
_a
9781595550057
041
_a
eng
080
_a
93
100
_a
17
101
_a
SHH
245
_a
CHINA
_c
MENGES, C.C
942
_2
udc
_c
BK
999
_c
15760
_d
15760